Singular integrals and differentiability properties of functions / (Record no. 20275)

MARC details
000 -LEADER
fixed length control field 00997cam a22002895i 4500
001 - CONTROL NUMBER
control field 834133
003 - CONTROL NUMBER IDENTIFIER
control field EG-ScBUE
005 - DATE AND TIME OF LATEST TRANSACTION
control field 20250218100054.0
008 - FIXED-LENGTH DATA ELEMENTS--GENERAL INFORMATION
fixed length control field 710325s1970 njuk f b 001 0 eng d
020 ## - INTERNATIONAL STANDARD BOOK NUMBER
International Standard Book Number 0691080798
020 ## - INTERNATIONAL STANDARD BOOK NUMBER
International Standard Book Number 9780691080796
040 ## - CATALOGING SOURCE
Original cataloging agency EG-ScBUE
Language of cataloging eng
Description conventions rda
Transcribing agency EG-ScBUE
Modifying agency EG-ScBUE
082 04 - DEWEY DECIMAL CLASSIFICATION NUMBER
Classification number 515.82433
Item number STE
Edition number 22
100 1# - MAIN ENTRY--PERSONAL NAME
Personal name Stein, Elias M.,
Dates associated with a name 1931-2018,
9 (RLIN) 38225
Relator term author.
245 10 - TITLE STATEMENT
Title Singular integrals and differentiability properties of functions /
Statement of responsibility, etc Elias M. Stein.
264 #1 - PUBLICATION, DISTRIBUTION, ETC. (IMPRINT)
Place of publication, distribution, etc Princeton, New Jersey :
Name of publisher, distributor, etc Princeton University Press,
Date of publication, distribution, etc 1970.
300 ## - PHYSICAL DESCRIPTION
Extent xiv, 287 pages :
Other physical details forms ;
Dimensions 24 cm.
490 0# - SERIES STATEMENT
Series statement Princeton mathematical series ;
Volume number/sequential designation 30
500 ## - GENERAL NOTE
General note Includes Appendices.<br/>
504 ## - BIBLIOGRAPHY, ETC. NOTE
Bibliography, etc Includes bibliographical references and index.<br/>
650 #7 - SUBJECT ADDED ENTRY--TOPICAL TERM
Topical term or geographic name as entry element Functions of real variables.
Source of heading or term BUEsh
9 (RLIN) 7013
650 #7 - SUBJECT ADDED ENTRY--TOPICAL TERM
Topical term or geographic name as entry element Harmonic analysis.
Source of heading or term BUEsh
650 #7 - SUBJECT ADDED ENTRY--TOPICAL TERM
Topical term or geographic name as entry element Singular integrals.
Source of heading or term BUEsh
653 ## - INDEX TERM--UNCONTROLLED
Resource For college Engineering, General
Arrived date list July2015
655 ## - INDEX TERM--GENRE/FORM
Form subdivision Reading book
942 ## - ADDED ENTRY ELEMENTS (KOHA)
Source of classification or shelving scheme Dewey Decimal Classification
Koha item type Book - Borrowing
Holdings
Withdrawn status Lost status Source of classification or shelving scheme Damaged status Not for loan Collection code Home library Current library Shelving location Date acquired Source of acquisition Cost, normal purchase price Serial Enumeration / chronology Total Checkouts Full call number Barcode Date last seen Cost, replacement price Koha item type
    Dewey Decimal Classification     Baccah Central Library Central Library First floor 07/07/2015   654.00 21782   515.82433 STE 000039364 15/07/2025 817.00 Book - Borrowing